000 00493 a2200169 4500
005 20260424130721.0
008 260424b |||||||| |||| 00| 0 eng d
020 _a9789361314193
040 _cSDCL
041 _2eng
_aeng
084 _aY15 R5
245 _aNietzsche on Women and the Eternal-Feminine :
_bA Critique of Truth and Values
260 _aNew Delhi :
_bBloomsbury Publishing,
_c2025.
300 _axvi, 251p.
700 _aMcNeal, Michael J. ed.
_91235676
942 _cAUD
_2CC
999 _c1715440
_d1715440